000 00299nam a2200121Ia 4500
008 190216s9999||||xx |||||||||||||| ||und||
100 _aThoppil Bhasi
245 0 _aKayyu Thalayum Purathidaruthea
260 _bDc Books Kottayam
_c1978
300 _a132p
650 _aMalayalam Nadakam
942 _cBK
999 _c25660
_d25660